[Event "AUTO-MASTER-3243"]
[Site "http://www.queenalice.com/game.php?id=1848959"]
[Date "2024.12.18"]
[Round "1"]
[White "Zeca1955"]
[Black "rmvwoods"]
[Result "0-1"]
[WhiteElo "1943"]
[BlackElo "2100"]

1. e4 e5 2. Nf3 d6 3. Bc4 Be7 4. O-O Nf6 5. Ng5 O-O 6. c3 h6 7. Nf3 Nxe4 8. d3
Nf6 9. h3 c6 10. Be3 b5 11. Bb3 Bf5 12. Nh4 Bh7 13. Qc1 g5 14. Bd1 Nd5 15. Nf3
Bxd3 16. Re1 Bg6 17. c4 bxc4 18. Qxc4 Nxe3 19. Rxe3 Qb6 20. Bb3 Nd7 21. Nbd2 d5
22. Qc1 e4 23. Nh2 Kh7 24. a3 f5 25. Ndf3 Bc5 26. Re2 exf3 27. Nxf3 g4 28. Nd2
g3 29. Kh1 Bxf2 30. Qc3 Nc5 31. Bc2 Ne4 32. Qe5 Rae8 33. Qc3 Nxc3 34. Rxe8 Rxe8
0-1

[Event "AUTO-OPEN-4565"]
[Site "http://www.queenalice.com/game.php?id=1848992"]
[Date "2024.12.18"]
[Round "1"]
[White "Prola2020"]
[Black "rmvwoods"]
[Result "1-0"]
[WhiteElo "1858"]
[BlackElo "2139"]

1. e4 e6 2. d4 d5 3. exd5 exd5 4. c4 Nf6 5. Nf3 h6 6. Nc3 Bb4 7. a3 Bxc3+ 8.
bxc3 O-O 9. Be3 Bg4 10. h3 Bh5 11. Bd3 Ne4 12. Qc2 Re8 13. cxd5 Bxf3 14. gxf3
Nf6 15. c4 Nbd7 16. a4 Re7 17. O-O-O Rc8 18. Rhg1 Kh8 19. Rg2 Nh5 20. Qd2 Qf8
21. Rdg1 Ndf6 22. Rxg7 Nxg7 23. Bxh6 Nfh5 24. Bxg7+ Nxg7 25. Qh6+ Kg8 26. Qh7#
1-0

[Event "AUTO-OPEN-4565"]
[Site "http://www.queenalice.com/game.php?id=1848993"]
[Date "2024.12.18"]
[Round "1"]
[White "rmvwoods"]
[Black "Prola2020"]
[Result "0-1"]
[WhiteElo "2119"]
[BlackElo "1895"]

1. e4 e6 2. d4 d5 3. e5 c5 4. c3 Bd7 5. Nf3 Qb6 6. Be2 Bb5 7. O-O Bxe2 8. Qxe2
Nc6 9. Bg5 h6 10. Bh4 cxd4 11. cxd4 g5 12. Bg3 g4 13. Nh4 Nxd4 14. Qd2 Ne7 15.
Nc3 Nec6 16. a3 Nb3 17. Qe2 Nxa1 18. Rxa1 Nd4 19. Qe1 Nc2 20. Qc1 Nxa1 21. Qxa1
Be7 22. Kf1 d4 23. Ne4 Rc8 24. f3 Qb3 25. fxg4 Qd3+ 0-1

[Event "AUTO-OPEN-4565"]
[Site "http://www.queenalice.com/game.php?id=1849014"]
[Date "2024.12.18"]
[Round "1"]
[White "askasl159"]
[Black "rmvwoods"]
[Result "0-1"]
[WhiteElo "1926"]
[BlackElo "2126"]

1. e4 e5 2. f4 exf4 3. Nf3 d5 4. e5 c5 5. Bb5+ Bd7 6. Bxd7+ Nxd7 7. d4 c4 8. b3
Qa5+ 9. Bd2 Bb4 10. O-O Bxd2 11. Nbxd2 c3 12. Nb1 Ne7 13. Qd3 Rc8 14. a3 Qc7 15.
Nh4 O-O 16. Nf5 Ng6 17. Rf3 Ndxe5 18. dxe5 Nxe5 19. Qd4 Qc5 20. Rxf4 Rfe8 21. b4
Qc6 22. Rg4 g6 23. a4 Kf8 24. Rg5 gxf5 25. Rxf5 Qe6 26. Rh5 Rc4 27. Qf2 Ng4 28.
Qf1 Qe3+ 29. Kh1 Rf4 0-1

[Event "AUTO-OPEN-4565"]
[Site "http://www.queenalice.com/game.php?id=1849015"]
[Date "2024.12.18"]
[Round "1"]
[White "rmvwoods"]
[Black "askasl159"]
[Result "1-0"]
[WhiteElo "2116"]
[BlackElo "1845"]

1. e4 e5 2. Nf3 Nc6 3. Bb5 Nge7 4. Nc3 g6 5. d4 exd4 6. Ne2 Bg7 7. Nexd4 O-O 8.
O-O a6 9. Ba4 b5 10. Bb3 Ne5 11. Nxe5 Bxe5 12. Bh6 Re8 13. Qf3 d5 14. c3 Bb7 15.
exd5 Bxd4 16. cxd4 Bxd5 17. Bxd5 Nxd5 18. Rae1 Qd6 19. Re2 Rxe2 20. Qxe2 Nf6 21.
Qe5 Re8 22. Qxd6 cxd6 23. h3 Nd5 24. a3 f6 25. Bc1 a5 26. Rd1 a4 27. Bd2 Rc8 28.
Rc1 Rxc1+ 29. Bxc1 Kf7 30. f4 Ke6 31. Kf2 Kf5 32. Kf3 g5 33. g4+ Ke6 34. fxg5
fxg5 35. Bxg5 b4 36. Bd2 bxa3 37. bxa3 Nb6 38. Ke4 d5+ 39. Kd3 Kf6 40. Kc3 Ke6
41. Kb4 1-0

[Event "AUTO-OPEN-4565"]
[Site "http://www.queenalice.com/game.php?id=1849026"]
[Date "2024.12.18"]
[Round "1"]
[White "Canaye14"]
[Black "rmvwoods"]
[Result "0-1"]
[WhiteElo "1908"]
[BlackElo "2080"]

1. d4 d5 2. Nf3 Nf6 3. h3 Bf5 4. Bf4 e6 5. g4 Be4 6. Nbd2 Bd6 7. Bxd6 Qxd6 8.
Nxe4 Nxe4 9. e3 Nd7 10. Bb5 Qb6 11. Bxd7+ Kxd7 12. Ne5+ Ke7 13. Nd3 Rhe8 14. Rb1
Qa5+ 15. c3 Qxa2 16. O-O Qc4 17. Ne5 Qa6 18. Qf3 f6 19. Ra1 Qb5 20. c4 Qxb2 21.
Nd3 Qb6 22. c5 Qb5 23. Rab1 Qxd3 24. Rxb7 Nd2 25. Qg2 Qxf1+ 26. Qxf1 Nxf1 27.
Kxf1 Kd7 0-1

[Event "AUTO-OPEN-4565"]
[Site "http://www.queenalice.com/game.php?id=1849027"]
[Date "2024.12.18"]
[Round "1"]
[White "rmvwoods"]
[Black "Canaye14"]
[Result "1/2-1/2"]
[WhiteElo "2099"]
[BlackElo "1909"]

1. e4 e6 2. Nf3 d5 3. Nc3 c5 4. exd5 exd5 5. d4 Nf6 6. Be2 Nc6 7. Be3 c4 8. Qd2
Bb4 9. a3 Ba5 10. Bg5 h6 11. Bxf6 Qxf6 12. O-O Ne7 13. Rfe1 O-O 14. b4 cxb3 15.
cxb3 Bf5 16. b4 Bb6 17. b5 Rac8 18. Na4 Bc7 19. Rad1 Ng6 20. Bd3 Bxd3 21. Qxd3
Nf4 22. Qd2 b6 23. Nc3 Rfd8 24. Ne2 Nh3+ 25. gxh3 Qxf3 26. Qe3 Qf6 27. Ng3 Rd6
28. Kf1 Re6 29. Qd3 Rce8 30. Rxe6 Rxe6 31. Rc1 Re7 32. a4 g6 33. Re1 Rxe1+ 34.
Kxe1 Qe6+ 35. Kf1 Qd6 36. h4 Bd8 37. h5 Bc7 38. hxg6 Qxg6 39. Qxg6+ fxg6 40. h3
1/2-1/2

[Event "AUTO-MASTER-3228"]
[Site "http://www.queenalice.com/game.php?id=1852288"]
[Date "2025.2.16"]
[Round "2"]
[White "Takeda"]
[Black "rmvwoods"]
[Result "1-0"]
[WhiteElo "2038"]
[BlackElo "2106"]

1. e4 e6 2. Nf3 d5 3. exd5 exd5 4. d4 Nf6 5. Bb5+ c6 6. Be2 Be7 7. O-O O-O 8.
Nc3 Be6 9. Bf4 Nbd7 10. Qd2 Bb4 11. a3 Bxc3 12. bxc3 Ne4 13. Qd3 Ndf6 14. Ne5
Bf5 15. f3 Nd6 16. Qd2 Nh5 17. Be3 Be6 18. f4 Ne4 19. Qe1 Nhf6 20. f5 Bd7 21. g4
h6 22. h4 Kh7 23. g5 Ng8 24. g6+ fxg6 25. fxg6+ Kh8 26. Rxf8 1-0

[Event "AUTO-MASTER-3228"]
[Site "http://www.queenalice.com/game.php?id=1852289"]
[Date "2025.2.16"]
[Round "2"]
[White "rmvwoods"]
[Black "Takeda"]
[Result "0-1"]
[WhiteElo "2120"]
[BlackElo "2043"]

1. e4 g6 2. d4 Bg7 3. Nf3 d6 4. Be2 Nf6 5. e5 dxe5 6. dxe5 Qxd1+ 7. Bxd1 Nfd7 8.
Bf4 O-O 9. e6 fxe6 10. Bxc7 Bxb2 11. O-O Na6 12. Ba5 Bxa1 13. Ng5 Ndc5 14. c3 b6
15. Bb4 Nxb4 16. cxb4 Nd3 17. a3 Bd4 18. Bb3 Nf4 19. Nd2 Nd5 20. Nde4 Bf6 21.
Nf3 Bb2 0-1

[Event "AUTO-MASTER-3228"]
[Site "http://www.queenalice.com/game.php?id=1852290"]
[Date "2025.2.16"]
[Round "2"]
[White "tariann"]
[Black "rmvwoods"]
[Result "1/2-1/2"]
[WhiteElo "2240"]
[BlackElo "2113"]

1. e4 e6 2. d4 d5 3. Nc3 Nc6 4. Nf3 Nf6 5. Bg5 Be7 6. Be2 Nxe4 7. Nxe4 dxe4 8.
Bxe7 Qxe7 9. Ne5 Nxe5 10. dxe5 Qg5 11. Qd4 O-O 12. Qxe4 Rb8 13. O-O b6 14. Bb5
Bb7 15. Bc6 Bxc6 16. Qxc6 Qxe5 17. Rad1 Rbd8 18. h3 Rd5 19. Rfe1 Qd6 20. Qxd6
Rxd6 21. Rxd6 cxd6 22. f3 e5 23. Kf2 f6 24. Rd1 Rd8 25. c4 Kf7 26. Ke3 Ke6 27.
g3 d5 28. cxd5+ Rxd5 29. Rc1 Kd7 30. Rc2 f5 31. g4 g6 32. gxf5 gxf5 33. Rg2 Ke6
34. Rg7 Rd7 35. Rg2 f4+ 36. Ke2 Kf5 37. Rg8 Re7 38. h4 Ke6 39. Rc8 Kd6 40. Kd3
h6 41. Rh8 Re6 42. h5 a5 43. Ke4 Kc5 44. Rg8 Kd6 45. Rb8 Kc7 46. Rg8 Kd7 47.
Rg7+ Kd6 48. Rb7 Kc6 49. Rg7 Kd6 1/2-1/2

[Event "AUTO-MASTER-3228"]
[Site "http://www.queenalice.com/game.php?id=1852291"]
[Date "2025.2.16"]
[Round "2"]
[White "rmvwoods"]
[Black "tariann"]
[Result "0-1"]
[WhiteElo "2103"]
[BlackElo "2236"]

1. e4 e5 2. Nf3 Nc6 3. Bb5 Nf6 4. O-O d6 5. d4 Bd7 6. Nc3 exd4 7. Nxd4 Nxd4 8.
Bxd7+ Qxd7 9. Qxd4 Be7 10. Bf4 O-O 11. Rfe1 Rfe8 12. Rad1 Qg4 13. e5 dxe5 14.
Bxe5 Qxd4 15. Bxd4 c5 16. Be3 Rad8 17. h3 b6 18. Nb5 h6 19. a4 Nd5 20. Bc1 a6
21. Nc3 Nxc3 22. Rxd8 Rxd8 23. bxc3 Bf6 24. Bb2 Rd2 25. Rc1 b5 26. axb5 axb5 27.
Ba3 Bxc3 28. Bxc5 Bb2 29. Rb1 Rxc2 30. Be3 b4 31. Kh2 Be5+ 32. g3 Bd6 33. Kg2
Kf8 34. Kf3 Ke7 35. Ke4 Ke6 36. h4 Rc8 37. Kd4 Bc5+ 38. Kd3 Bxe3 39. Kxe3 Rb8
40. Kd4 b3 41. Rb2 Kd6 42. Kc4 Ke5 43. Kd3 Kd5 44. f3 h5 45. g4 hxg4 46. fxg4
Ke5 47. Ke3 Rb4 48. h5 Rxg4 49. Kf3 Rb4 50. Ke3 Kf5 51. Kd3 Kg5 52. Kc3 Rb7 53.
Rh2 b2 0-1

[Event "AUTO-OPEN-4582"]
[Site "http://www.queenalice.com/game.php?id=1853943"]
[Date "2025.3.15"]
[Round "1"]
[White "rmvwoods"]
[Black "Fischercat"]
[Result "1-0"]
[WhiteElo "2093"]
[BlackElo "1837"]

1. e4 h6 2. d4 a6 3. c4 d6 4. Nc3 e6 5. Nf3 Be7 6. Bf4 Nc6 7. Be2 Nf6 8. O-O O-O
9. Re1 b5 10. cxb5 axb5 11. Bxb5 Bd7 12. Bxc6 Bxc6 13. b4 Qd7 14. a3 Bb7 15. b5
Ra5 16. a4 Nh5 17. Bd2 Bf6 18. d5 1-0

[Event "AUTO-OPEN-4582"]
[Site "http://www.queenalice.com/game.php?id=1853944"]
[Date "2025.3.15"]
[Round "1"]
[White "Fischercat"]
[Black "rmvwoods"]
[Result "0-1"]
[WhiteElo "1818"]
[BlackElo "2121"]

1. Nf3 d5 2. d4 c5 3. dxc5 Bg4 4. Ne5 Bf5 5. Bf4 e6 6. b4 f6 7. Nf3 e5 8. Bg3
Ne7 9. c3 Nbc6 10. e3 Ng6 11. Bb5 Be7 12. O-O O-O 13. c4 Nxb4 14. Ne1 d4 15. Na3
Bxc5 16. Nec2 dxe3 17. fxe3 Qxd1 18. Raxd1 Nxc2 19. Nxc2 Bxc2 0-1

[Event "AUTO-OPEN-4582"]
[Site "http://www.queenalice.com/game.php?id=1853945"]
[Date "2025.3.15"]
[Round "1"]
[White "rmvwoods"]
[Black "Sigmund"]
[Result "1-0"]
[WhiteElo "2099"]
[BlackElo "1790"]

1. e4 e5 2. Nf3 d6 3. Bc4 h6 4. d4 Nf6 5. Nc3 Bg4 6. dxe5 Bxf3 7. Qxf3 Qe7 8.
exf6 Qxf6 9. Qxf6 gxf6 10. Bf4 Nc6 11. Nd5 O-O-O 12. O-O Bg7 13. Rab1 Rhe8 14.
Rfe1 a6 15. b4 b5 16. Bd3 Kb7 17. c4 Re6 18. cxb5 axb5 19. Bxb5 Nd4 20. Bc4 Nc2
21. Re2 Na3 22. Rc1 f5 23. Nxc7 Rxe4 24. Bd5+ 1-0

[Event "AUTO-MASTER-3257"]
[Site "http://www.queenalice.com/game.php?id=1854015"]
[Date "2025.3.16"]
[Round "1"]
[White "stoyan1"]
[Black "rmvwoods"]
[Result "0-1"]
[WhiteElo "2113"]
[BlackElo "2124"]

1. e4 e5 2. Nc3 Nf6 3. Nf3 d6 4. Bc4 Bg4 5. h3 Bh5 6. g4 Bg6 7. d3 Be7 8. Nd5
Nbd7 9. Ng5 Nxd5 10. Bxd5 h6 11. Nf3 c6 12. Bb3 Qc7 13. h4 f6 14. Bd2 Nc5 15. c4
Nxd3+ 16. Ke2 Nf4+ 17. Bxf4 exf4 18. Nd2 O-O-O 19. f3 Bf7 20. Qc2 h5 21. Rag1
hxg4 22. Rxg4 g5 23. Qd1 Be6 24. Rg2 gxh4 25. Qg1 Rdg8 26. Rxg8+ Rxg8 27. Qxa7
Rg2+ 28. Ke1 h3 29. c5 d5 30. Qa8+ Qb8 31. Qa3 Qe5 32. Kd1 h2 33. Nf1 Rg1 34.
Rxh2 Rxf1+ 35. Ke2 Rg1 36. Kf2 Rg8 37. Rh7 Qd4+ 0-1

[Event "AUTO-MASTER-3257"]
[Site "http://www.queenalice.com/game.php?id=1854033"]
[Date "2025.3.16"]
[Round "1"]
[White "rmvwoods"]
[Black "Canaye14"]
[Result "1-0"]
[WhiteElo "2108"]
[BlackElo "1899"]

1. e4 e6 2. d4 d5 3. exd5 exd5 4. Nf3 Nf6 5. Bd3 Be7 6. O-O Bg4 7. h3 Bh5 8. Bf4
Bg6 9. Bxg6 hxg6 10. c4 dxc4 11. Qa4+ c6 12. Qxc4 Nbd7 13. Nbd2 Nb6 14. Qe2 Nbd5
15. Bg5 Qc7 16. Ne5 Kf8 17. Rfe1 Re8 18. Ndf3 Nh7 19. Bd2 Bf6 20. Nxg6+ Kg8 21.
Qxe8+ Nf8 22. Qxf8+ Kh7 23. Nxh8 1-0

[Event "AUTO-MASTER-3257"]
[Site "http://www.queenalice.com/game.php?id=1854034"]
[Date "2025.3.16"]
[Round "1"]
[White "Canaye14"]
[Black "rmvwoods"]
[Result "0-1"]
[WhiteElo "1905"]
[BlackElo "2114"]

1. d4 d5 2. Bf4 Nf6 3. Nf3 c5 4. c3 cxd4 5. Nxd4 Nc6 6. e3 e6 7. Bb5 Bd7 8. Bxc6
Bxc6 9. Nxc6 bxc6 10. Nd2 Bd6 11. Bg3 O-O 12. Qc2 c5 13. Bxd6 Qxd6 14. O-O Ng4
15. g3 e5 16. f4 Nxe3 17. Qd3 Nxf1 18. Rxf1 f6 19. fxe5 fxe5 20. Rxf8+ Rxf8 21.
Nf3 Qe6 22. Nd2 e4 23. Qb5 e3 0-1

[Event "AUTO-OPEN-4544"]
[Site "http://www.queenalice.com/game.php?id=1854201"]
[Date "2025.3.20"]
[Round "2"]
[White "rmvwoods"]
[Black "Fauquinelle"]
[Result "1-0"]
[WhiteElo "2105"]
[BlackElo "1963"]

1. e4 c5 2. Nf3 d6 3. Bc4 Nc6 4. c3 Nf6 5. d3 a6 6. Bg5 e6 7. O-O Na5 8. Nbd2
Nxc4 9. Nxc4 b5 10. Ncd2 Be7 11. Re1 e5 12. h3 Be6 13. d4 h6 14. Bh4 Nd7 15.
Bxe7 Qxe7 16. d5 Bxh3 17. gxh3 O-O-O 18. c4 Nb6 19. cxb5 axb5 20. Qb3 Qd7 21.
Kg2 Kc7 22. Rec1 Rb8 23. Nb1 Kd8 24. Nc3 Na8 25. a4 b4 26. Nb5 Ke7 27. Nd2 Nc7
28. Na7 Kf8 29. Nc6 Rb7 30. Nc4 Rb6 31. Nxb6 1-0

[Event "AUTO-OPEN-4544"]
[Site "http://www.queenalice.com/game.php?id=1854202"]
[Date "2025.3.20"]
[Round "2"]
[White "Fauquinelle"]
[Black "rmvwoods"]
[Result "0-1"]
[WhiteElo "1987"]
[BlackElo "2102"]

1. d4 d5 2. c4 e6 3. Nc3 Nf6 4. Bg5 Be7 5. e3 O-O 6. cxd5 exd5 7. Nf3 Nbd7 8.
Bd3 Re8 9. Qc2 Nf8 10. h3 Be6 11. O-O Nh5 12. Bxe7 Qxe7 13. Qb3 c6 14. Qd1 Nf6
15. a3 b6 16. b4 a5 17. b5 c5 18. a4 c4 19. Bc2 N6d7 20. Rb1 Qf6 21. Re1 Qh6 22.
e4 Nf6 23. e5 N6d7 24. Re3 Ng6 25. Bxg6 Qxg6 26. Nh4 Qh6 27. Nf3 Nf8 28. Nh2 Qg5
29. Rg3 Qe7 30. Qc1 Ng6 31. Qb2 Nf4 32. Qc1 Nd3 33. Qd2 f5 34. f4 Qh4 35. Nf1
Nxf4 36. Ne3 Qxg3 37. Kh1 Nd3 0-1

[Event "AUTO-OPEN-4584"]
[Site "http://www.queenalice.com/game.php?id=1854601"]
[Date "2025.3.27"]
[Round "1"]
[White "rmvwoods"]
[Black "silverado"]
[Result "1-0"]
[WhiteElo "2111"]
[BlackElo "2038"]

1. e4 e5 2. Nf3 Nc6 3. Bb5 Qf6 4. Bxc6 dxc6 5. d3 h6 6. Be3 c5 7. Nc3 c6 8. Qd2
b5 9. a4 b4 10. Na2 a5 11. c3 Bb7 12. cxb4 axb4 13. Nc1 Bd6 14. Nb3 Qe7 15. O-O
Nf6 16. Ra2 Ng4 17. a5 Nxe3 18. Qxe3 Ba6 19. Nbd2 O-O 20. b3 Rab8 21. Nc4 Bc7
22. Nfd2 Rfd8 23. Nb2 Rd4 24. Ndc4 Rbd8 25. Rd1 Qh4 26. Raa1 Qh5 27. Nb6 Bxb6
28. axb6 Bb7 29. f3 Rb8 30. Nc4 Bc8 31. Ra7 f6 32. Rda1 Qg6 33. Ra8 Rxa8 34.
Rxa8 Rd8 35. b7 Qe8 36. b8=Q 1-0

[Event "AUTO-OPEN-4584"]
[Site "http://www.queenalice.com/game.php?id=1854602"]
[Date "2025.3.27"]
[Round "1"]
[White "silverado"]
[Black "rmvwoods"]
[Result "1-0"]
[WhiteElo "2018"]
[BlackElo "2118"]

1. d4 d5 2. Nf3 Nf6 3. Nc3 g6 4. e3 Bg7 5. Bd3 Bg4 6. h3 Bxf3 7. Qxf3 Nbd7 8.
Nxd5 e6 9. Nxf6+ Nxf6 10. Qxb7 O-O 11. c3 Nd5 12. e4 Nf4 13. Bxf4 e5 14. Bg3 Qd6
15. d5 Rfb8 16. Qc6 Qxc6 17. dxc6 Rxb2 18. O-O Rb6 19. Rab1 Rxc6 20. Rb3 Rb6 21.
Rfb1 Rab8 22. Rxb6 axb6 23. Bb5 f6 24. Bc6 Rd8 25. f3 Rd6 26. Bd5+ Kf8 27. a4
Ke7 28. Bf2 Kd7 29. c4 h6 30. c5 bxc5 31. Bxc5 Ra6 32. Rd1 Ke8 33. Bc4 Ra5 34.
Bb5+ 1-0